000 00954nam0a22002651 4500
001 rc\4520638
005 20250612105621.0
021 _aRU
_b[66-8363]
035 _a(NLR Aleph) 008624964
090 _a8846797
_c8846796
100 _a20130416d1966 |||y0rusy50 ca
101 0 _arus
102 _aRU
105 _aab z |||||
200 1 _aПромысловые животные, природная среда и человек
_fАкад. наук СССР. Ин-т географии
210 _aМосква
_cНаука
_d1966
215 _a348 с.
_cил., карт.
_d27
320 _aБиблиогр.: с. 320-344
606 _aЖивотные промысловые СССР
_xЗначение антропического фактора
_2psbo
700 1 _aКириков
_bС.В.
_f1899-
_gСергей Васильевич
801 0 _aRU
_bNLR
_gpsbo
801 1 _aRU
_bELAR
_2rusmarc
852 _aNLR
_j66-7/272
942 _cBOOK
980 _aNB